000 00740nam a2200253Ia 4500
003 OSt
005 20220928121548.0
006 a|||||r|||| 00| 0
007 ta
008 220927b |||||||| |||| 00| 0 eng d
020 _cINR 350.00
024 _a140978
037 _b461, 04/02/2019, Synergy Books India
_cTextual
040 _aSDCL
_cSDCL
_beng
041 _2eng
_aeng
082 _a4, Q8 LR
100 _aPinto Sanjay
_9453075
245 0 _aMy NDTV days
_b Anecdotes from the life of a journalist
260 _aNew Delhi
_bPan
_c2018
300 _axiii,238p.
_ccm.
650 _aReference
942 _h4, Q8 LR
_cTEXL
_2CC
999 _c767001
_d767001